[Event "3rd GRENKE Chess Open 2018"]
[Site "Karlsruhe"]
[Date "2018.04.02"]
[Round "8"]
[White "Perske, Thore"]
[Black "Petkidis, Anthony"]
[Result "1/2-1/2"]
[WhiteElo "2447"]
[BlackElo "2314"]
[Annotator "TA"]
[PlyCount "152"]
[EventDate "2018.??.??"]
[EventType "swiss"]
[EventCountry "GER"]
[SourceTitle "playchess.com"]
[Source "ChessBase"]
[SourceQuality "1"]

{[%evp 25,152,54,50,48,56,49,68,67,59,71,131,133,134,114,174,136,141,138,155,92,116,67,81,75,137,35,58,45,125,125,125,125,125,125,117,90,97,65,65,65,65,0,58,60,129,104,145,152,156,143,161,110,199,171,177,178,298,261,288,114,264,254,217,147,235,246,237,227,240,229,241,227,253,252,254,248,257,222,231,148,148,147,130,122,138,83,97,89,364,361,572,557,992,304,1177,0,0,0,0,0,0,0,0,0,65,0,65,0,0,0,0,0,0,0,0,0,0,0,0,0,0,0,0,0,0,0,0,0,-20]} 1. e4 e5 2. Nf3 Nc6 3. Nc3 Nf6 4. Bb5 Bb4 5. O-O O-O 6. d3 d6 7. Bg5 Bxc3 8. bxc3 Qe7 9. Re1 Nd8 10. d4 Ne6 11. Bc1 c5 12. a4 Rd8 {C49: Four Knights: 4 Bb5 Bb4} 13. d5 Nf8 {LiveBook: 6 Games} 14. Nd2 Ng6 {White is slightly better.} 15. Bf1 h6 16. Nc4 Nh7 17. Qh5 $146 Qh4 (17... Nf6 $142 18. Qd1 b6) 18. Qxh4 $16 Nxh4 19. f4 {[%cal Bf2f4,Bf4f5,Bf5g6][%mdl 32]} f6 (19... Ng6 $16) 20. f5 g6 21. fxg6 ({Don't do} 21. Bxh6 $6 gxf5 22. Rab1 Ng5 $16) 21... Ng5 22. Bxg5 (22. Bd3 $142) 22... fxg5 23. a5 Nxg6 24. g3 Kf8 (24... Kg7 $142) 25. Reb1 (25. Be2 $16) 25... Ke7 $14 26. Be2 Rf8 ({Black should play} 26... Nf8 $1 $14) 27. Bh5 $16 Nh8 28. Ne3 Rb8 29. Kg2 Bd7 30. Rb3 (30. Re1 {is interesting.} Rg8 31. Rf1 Rgf8 32. Rh1 Rg8 33. Raf1) 30... Kd8 31. Bg4 Bxg4 32. Nxg4 h5 $1 {[%cal Rh5g4]} 33. Nh6 (33. Ne3 $14) 33... Kc7 (33... g4 $1 $11) 34. Nf5 $14 g4 ({Better is} 34... Rf7 $14) 35. Ng7 $1 $16 {[%cal Rg7e6] Strongly threatening Ne6+.} Rf7 36. Ne6+ ({Stronger than} 36. Nxh5 Rbf8 $11) 36... Kd7 37. Rab1 Ke8 38. Rh1 (38. h3 $18) 38... Rh7 (38... Ke7 $16 {was necessary.}) 39. h3 gxh3+ 40. Rxh3 ({Much less strong is} 40. Kxh3 $6 Ng6 $14) 40... Ke7 (40... Ng6 $142 41. Rxh5 Rxh5 42. Ng7+ Ke7 43. Nxh5 Nh8) 41. c4 Ng6 {[#]} 42. Kf2 $2 (42. g4 $1 $18 {[%mdl 512] and the rest is easy.}) 42... Rf7+ (42... b6 $16 {was called for.}) 43. Ke2 $18 Rh7 44. Kd2 Nh8 (44... b6 $16 45. axb6 Rxb6) 45. a6 b6 46. Rf3 Rg8 47. Rf5 Nf7 48. Ke2 h4 49. Rxh4 Rxh4 50. gxh4 {[%mdl 4096] Endgame KRN-KRN} Rg4 51. Kd3 Rxh4 52. Rf3 Rg4 53. Nc7 {aiming for Nb5.} Ng5 54. Re3 Rg1 55. Nb5 (55. Ke2 $142) 55... Ra1 $16 56. Rg3 Kf6 $2 {[%mdl 8192]} (56... Nf7 $16 {keeps fighting.}) 57. Nxd6 $18 Rxa6 (57... Ra3+ $142 58. c3 Ra1 59. Ne8+ Kg6) 58. Ne8+ Kg6 {[#]} 59. d6 $2 (59. Rxg5+ $1 {[%mdl 512]} Kf7 (59... Kxg5 60. d6) 60. Rxe5) 59... Ra1 $2 {[#]} (59... Kf7) 60. Kd2 $2 (60. Rxg5+ $1 $18 {[%mdl 512]} Kxg5 61. Kd2) 60... Kf7 $11 61. Rxg5 {d7 would kill now.} Kxe8 62. Rxe5+ {KR-KR} Kd7 63. Rd5 Rh1 $1 64. e5 {e6+! is the strong threat.} Rh7 (64... Rh2+ $11 65. Ke3 Rh7) 65. Ke3 (65. Kc3 $14) 65... Ke6 ({Black should try} 65... Rh3+ $11 66. Ke2 Rh2+ 67. Ke3 Rh7) 66. Kf4 (66. Kd3 $14) 66... a5 {[%cal Ba7a5,Ba5a4,Ba4a3][%mdl 32] The position is equal.} 67. Ke3 a4 68. Kd2 a3 {[#] ( -> ...a2)} 69. d7 $1 {[%mdl 512]} Rxd7 70. Rxd7 Kxd7 {K3P-K3P} 71. Kc3 Ke6 72. Kb3 Kxe5 73. Kxa3 Kd6 (73... Kd4 $5 74. Kb3 $8 Ke4 $11) 74. Ka4 Kc6 75. c3 Kc7 76. Kb5 Kb7 {Precision: White = 61%, Black = 38%.} 1/2-1/2

[Event "3rd GRENKE Chess Open 2018"]
[Site "Karlsruhe"]
[Date "2018.04.02"]
[Round "8"]
[White "Carow, Johannes"]
[Black "Paul, Johannes"]
[Result "1-0"]
[WhiteElo "2437"]
[BlackElo "2279"]
[Annotator "TA"]
[PlyCount "127"]
[EventDate "2018.??.??"]
[EventType "swiss"]
[EventCountry "GER"]
[SourceTitle "playchess.com"]
[Source "ChessBase"]
[SourceQuality "1"]

{[%evp 11,127,-6,-10,-6,-10,-20,-37,-68,-14,-18,-18,-60,0,15,0,0,0,0,5,0,0,0,0,0,0,-4,0,0,0,0,0,0,0,0,2,0,0,0,0,0,22,0,0,0,0,0,0,0,0,0,0,0,0,0,0,0,0,0,0,0,0,-15,-15,-18,-18,-12,-1,-70,-13,-14,-16,-13,-13,-17,-8,-8,-8,-9,-8,-7,-9,-9,-3,-20,0,0,108,129,110,127,281,295,317,213,306,277,339,325,458,449,530,516,492,421,800,741,1508,1443,1141,714,1778,697,5401,5385,2350,2229,29990,29991]} 1. d4 Nf6 2. Bg5 e6 3. e3 d5 4. c4 Be7 5. Nf3 O-O 6. Nbd2 b6 {LiveBook: 6 Games. D30: Queen's Gambit Declined: Systems without Nc3} 7. Bxf6 $146 ({Predecessor:} 7. cxd5 exd5 8. Bd3 Bb7 9. O-O Nbd7 10. Rc1 c5 11. dxc5 bxc5 12. Qc2 g6 13. Rfd1 Rc8 14. b3 Re8 15. Bb5 a6 16. Ba4 Rf8 17. Bh6 Re8 {1-0 (100) Nakamura,H (2781)-Javakhadze,Z (2456) chess.com INT 2018}) 7... Bxf6 8. cxd5 exd5 {The position is equal.} 9. Qc2 Bb7 (9... c5 $15) 10. Bd3 $11 g6 11. h4 Ba6 ({Better is} 11... Qe7 $15) 12. Bxa6 Nxa6 13. Qa4 Qc8 14. Qc6 Qe6 15. Qb5 Nb8 $1 16. Rc1 c6 17. Qd3 Nd7 18. O-O c5 19. b3 Rfd8 20. g3 a5 21. a4 Rac8 22. Kg2 Rc6 23. Rc2 Rdc8 24. Rfc1 cxd4 {[#] ...Rxc2 is the strong threat.} 25. exd4 Nf8 26. Nf1 Rxc2 27. Rxc2 Rxc2 28. Qxc2 Qd7 29. Ne3 Ne6 30. Qd3 h5 31. Kf1 Kg7 32. Ke2 Qc6 33. Nc2 Nc7 34. Kd2 Ne8 35. Ne5 Qe6 36. Qe3 Nd6 37. Nf3 $1 Ne4+ 38. Ke2 Qc8 39. Nce1 ({White should try} 39. Qd3 $11) 39... Qc6 (39... Qe8 $1 $15) 40. Kf1 b5 41. axb5 Qxb5+ 42. Qd3 Nc3 (42... Qc6 {is more complex.} 43. Qc2 Qb6 44. Qd3 Be7 45. Nc2 Qc6) 43. Qxb5 Nxb5 {[%mdl 4096] Endgame KBN-KNN} 44. Nc2 Kf8 45. Ke2 Ke7 46. Kd3 Ke6 47. Ne3 Bd8 48. Ng2 Bc7 {[#]} (48... Bf6 $11 {keeps the balance.}) 49. Ng5+ $1 $16 Kd7 50. Nxf7 Bb6 $2 (50... Ke7 $16) 51. Ne5+ $18 Ke6 52. Nf3 ({Weaker is} 52. Nxg6 Kd6 $16) 52... Nc7 (52... Bc7 {was worth a try.} 53. Ng1 Bd6) 53. Nf4+ Kf5 54. Ne5 Nb5 (54... g5 {might work better.}) 55. Nc6 g5 56. Nxd5 gxh4 57. gxh4 ({But not} 57. Nxb6 $2 h3 $19) 57... Ba7 (57... Bc7 $142 58. Nxc7 Nxc7 59. Nxa5 Kg4) 58. Ne3+ Kf4 59. Nxa7 Nxa7 60. d5 Kf3 61. d6 (61. Kc4 $142 Kxf2 62. Kc5) 61... Kxf2 62. Nf5 {White threatens Nd4 and mate.} Nc6 63. Ke4 Ke2 64. Nd4+ {Precision: White = 77%, Black = 41%.} 1-0

[Event "3rd GRENKE Chess Open 2018"]
[Site "Karlsruhe"]
[Date "2018.04.02"]
[Round "8"]
[White "Vrolijk, Liam"]
[Black "Heimann, Andreas"]
[Result "0-1"]
[WhiteElo "2432"]
[BlackElo "2574"]
[Annotator "TA"]
[PlyCount "60"]
[EventDate "2018.??.??"]
[EventType "swiss"]
[EventCountry "GER"]
[SourceTitle "playchess.com"]
[Source "ChessBase"]
[SourceQuality "1"]

{[%evp 12,60,46,18,20,27,35,18,44,38,16,-8,0,0,0,0,6,-30,-20,-40,-18,-29,-28,-20,-21,-17,-21,-38,-31,-28,-36,-29,-32,-56,-64,-62,-46,-108,-107,-284,-291,-252,-292,-275,-283,-245,-209,-211,-213,-205,-192]} 1. d4 Nf6 2. Nf3 g6 3. e3 Bg7 4. Be2 O-O 5. O-O d6 6. c4 Nc6 {E60: King's Indian: Unusual lines and Fianchetto Variation without Nc3} (6... Nbd7 7. b4 e5 8. Bb2 exd4 9. Nxd4 a5 10. a3 axb4 11. axb4 Rxa1 12. Bxa1 c6 13. Nd2 Qe7 14. Bc3 d5 15. c5 Ne4 16. Nxe4 dxe4 {1-0 (26) Kempinski,R (2593)-Wagner,D (2564) Germany 2018}) 7. d5 {LiveBook: 4 Games} Nb4 {[%cal Bc6b4,Bb4a6,Ba6c5][%mdl 32]} 8. Nc3 e6 {White has an edge.} 9. e4 Re8 10. a3 Na6 11. Be3 $146 ({Find the theoretical novelty and annotate with similar games:} 11. Qc2 Nc5 12. Be3 exd5 {0-1 (30) Andreev,K-Lukin,A (2435) St Petersburg 1992}) 11... exd5 12. exd5 Nc5 13. Bd4 a5 14. b3 Bd7 15. Nd2 Nfe4 16. Ndxe4 Nxe4 17. Nxe4 Rxe4 18. Bxg7 Kxg7 19. Bf3 Re8 20. Qd2 Qf6 21. Rac1 b6 22. b4 axb4 23. axb4 Ra3 24. c5 (24. Rfe1 $15) 24... Bb5 $17 25. Rfd1 $2 {[#]} (25. cxd6 $17 cxd6 26. Rfe1) 25... Rd3 $1 $19 {[%cal Rd3d2]} 26. Qc2 Rxf3 27. gxf3 Be2 {( -> ...Qg5+)} 28. Qd2 Bxd1 {Black is clearly better.} ({Less strong is} 28... Bxf3 29. Re1 $17) 29. Qxd1 Qf4 30. cxb6 cxb6 {Precision: White = 36%, Black = 83%.} 0-1

[Event "3rd GRENKE Chess Open 2018"]
[Site "Karlsruhe"]
[Date "2018.04.02"]
[Round "8"]
[White "Bakre, Tejas"]
[Black "Andre, Gordon"]
[Result "1-0"]
[WhiteElo "2427"]
[BlackElo "2286"]
[Annotator "TA"]
[PlyCount "43"]
[EventDate "2018.??.??"]
[EventType "swiss"]
[EventCountry "GER"]
[SourceTitle "playchess.com"]
[Source "ChessBase"]
[SourceQuality "1"]

{[%evp 21,43,44,31,30,42,37,56,57,310,317,312,314,308,323,335,335,335,335,335,335,335,325,325,325]} 1. d4 d5 2. c4 e6 3. Nf3 Nf6 4. g3 Bb4+ 5. Bd2 Be7 6. Bg2 O-O 7. O-O dxc4 {E11: Bogo-Indian} (7... c6 8. Qb3 Nbd7 9. Bf4 a5 10. Rd1 Nh5 11. Bc1 Nhf6 12. Nbd2 b5 13. c5 b4 14. Qc2 a4 15. Re1 e5 16. Nxe5 Nxe5 17. dxe5 {1-0 (33) Caruana,F (2784)-So,W (2799) Berlin 2018}) 8. Qa4 a6 9. Qxc4 b5 10. Qc2 Bb7 11. Rc1 Bd6 {LiveBook: 11 Games} 12. Bg5 Nbd7 13. Nbd2 c5 14. Bxf6 Qxf6 $4 {[%mdl 8192] [#]} (14... gxf6 $14 15. Ne4 (15. dxc5 Bxc5 16. Nb3 Bb6 $11) 15... Bxe4 16. Qxe4 f5) 15. Ne5 $1 $18 {[%cal Re5d7] White has a decisive advantage.} Nxe5 16. dxe5 $146 (16. Bxb7 Ng4 $16) ({Predecessor:} 16. Bxb7 cxd4 17. Ne4 Qe7 18. Bxa8 Rxa8 19. Qc8+ Qf8 20. Nxd6 {1-0 (20) Atalik,E (2406)-Khurtsidze,N (2387) Elista 2004}) 16... Bxe5 {Hoping for ...Bxg2.} 17. Bxb7 Rab8 18. Ne4 ({Less strong is} 18. Qxc5 Rxb7 19. Ne4 Qf5 $11) ({Not} 18. Bxa6 Bxb2 19. Rab1 Bxc1 $16) 18... Qe7 19. Qxc5 Qxc5 20. Rxc5 Bxb2 21. Rb1 Bd4 22. Rc7 ({Don't do} 22. Bxa6 $6 Bxc5 23. Nxc5 Rfd8 $18) 1-0

[Event "3rd GRENKE Chess Open 2018"]
[Site "Karlsruhe"]
[Date "2018.04.02"]
[Round "8"]
[White "Kopylov, Michael"]
[Black "Muckle, Julius"]
[Result "1/2-1/2"]
[WhiteElo "2421"]
[BlackElo "2297"]
[Annotator "TA"]
[PlyCount "313"]
[EventDate "2018.??.??"]
[EventType "swiss"]
[EventCountry "GER"]
[SourceTitle "playchess.com"]
[Source "ChessBase"]
[SourceQuality "1"]

{[%evp 22,313,45,34,50,23,26,18,17,17,67,14,33,29,12,9,55,35,54,-1,0,-14,-6,-20,0,0,0,0,15,14,0,12,59,56,53,61,68,68,68,54,53,53,54,54,63,59,52,55,58,48,48,49,48,29,77,23,23,24,74,29,29,29,29,29,39,26,26,0,29,29,29,26,35,35,39,29,48,29,29,0,56,29,29,29,43,20,20,20,20,20,20,20,20,20,20,20,20,20,20,20,20,9,20,20,20,0,20,0,20,20,20,10,20,13,20,20,20,20,20,20,20,20,20,20,20,20,20,20,20,20,20,20,20,20,115,20,20,20,20,0,20,0,20,20,20,6,6,6,6,6,6,6,6,6,6,6,6,6,6,6,12,6,18,6,6,6,6,2,6,2,2,2,2,2,18,6,11,11,18,6,6,6,6,0,18,11,24,0,18,6,6,6,6,6,6,6,6,6,6,6,6,6,18,6,6,6,6,6,8,8,24,6,24,24,24,24,24,6,6,6,8,6,24,8,25,24,28,0,0,0,4,0,0,0,0,0,0,0,0,0,0,0,0,0,25,0,0,0,0,0,0,0,0,0,25,0,0,0,0,0,0,0,0,0,0,0,0,0,0,0,0,0,0,0,0,0,0,0,0,0,0,0,0,0,0,0,0,0,0,0,0,0,0,0]} 1. d4 d5 2. c4 c6 3. Nf3 Nf6 4. e3 Bf5 5. Nc3 e6 6. Nh4 Bg4 7. Qb3 Qc7 8. h3 {D12: Slav Defence: 3 Nf3 Nf6 4 e3 Bf5} (8. Bd2 Bh5 9. Rc1 dxc4 10. Bxc4 Be7 11. h3 Qb6 12. g3 Nbd7 13. O-O Nd5 14. Ng2 Bg6 15. f3 O-O {½-½ (48) Aronian,L (2781)-Vallejo Pons,F (2705) Linares 2010}) 8... Bh5 9. g4 Bg6 10. Nxg6 hxg6 11. Bg2 Be7 12. Bd2 {LiveBook: 9 Games} Nbd7 13. O-O-O dxc4 14. Qxc4 Nb6 15. Qb3 Nfd5 16. Ne4 $146 ({White should play} 16. Ne2 $14) ({Find the theoretical novelty and annotate with similar games:} 16. Ne2 a5 {0-1 (49) Bistrikova,E (2171)-Chistiakova,T (2308) St Petersburg 2005}) 16... Nd7 17. Kb1 a5 18. a3 {[%cal Ba2a3,Ba3a4][%mdl 32]} O-O 19. Rc1 b5 {[%cal Bb7b5,Bb5b4][%mdl 32]} 20. Nc3 (20. h4 $14) 20... Qb6 $11 21. Nxd5 cxd5 22. Qc2 b4 23. a4 $1 b3 24. Qc7 Ra7 25. Qxb6 $1 Nxb6 26. Rc3 Bb4 (26... Nc4 {NOTEXT} 27. Bc1 Rb8 28. e4 Rc7 29. Bf4 Na3+) 27. Rxb3 Bxd2 28. Rxb6 Rc8 29. Rd1 Bb4 30. e4 dxe4 31. Bxe4 Rd7 32. d5 Rc4 33. f3 f5 34. Bc2 (34. Rxe6 fxe4 35. fxe4 Rd6 $17) 34... Rxd5 35. Rxd5 exd5 $14 {[%mdl 4096] Endgame KRB-KRB} 36. Bb3 Rd4 37. Rxg6 {Black should prevent Rg5.} fxg4 38. hxg4 (38. Rxg4 $16 Rxg4 39. Bxd5+ (39. fxg4 g5 $16) (39. hxg4 Kf7 $16) 39... Kh7 40. hxg4 (40. fxg4 Be7 $16)) 38... Rd3 $11 39. Ka2 Kh7 40. Rg5 {[#] Bc2 is the strong threat.} (40. Rb6 {NOTEXT} g6 41. Bc2 Rxf3 42. Rxg6 Kh8 43. Rb6) 40... Rxf3 41. Bc2+ Kg8 42. Rxd5 Kf8 43. Rd7 Rf7 44. Rd5 Rc7 45. Kb3 Ke7 46. Bf5 Kf6 47. Rb5 Be1 48. Be4 Bd2 49. Rd5 Bb4 50. Rb5 Bd2 51. g5+ Ke6 52. Bd3 Kf7 53. g6+ Kf6 54. Rf5+ Ke6 55. Rf2 Bb4 56. Rf4 Bd2 57. Rd4 Ke5 58. Rh4 Kf6 59. Re4 Kg5 60. Rd4 Be1 61. Rd5+ Kf6 62. Rf5+ Ke6 63. Rf4 Bd2 64. Rf2 Bb4 65. Bc4+ Ke5 66. Bf7 Rc5 67. Ka2 Rc1 68. Bb3 Rc6 69. Bc2 Rc7 70. Kb1 Rb7 71. Rf3 Rc7 72. Bd3 Kd4 73. Bf5 Ke5 74. Bc2 Bd2 75. Rf5+ Ke6 76. Rb5 Kf6 77. Bd3 Rc1+ 78. Ka2 Rc7 $1 79. Kb3 Be1 80. Rf5+ Ke6 81. Rf4 Bd2 82. Bc4+ Ke5 83. Rh4 Kf6 84. Bf7 Ke5 85. Rh5+ Kf6 86. Rb5 Be1 87. Rb6+ Kf5 88. Bc4 Bd2 89. Rd6 Bb4 90. Bd3+ Ke5 91. Rb6 Be1 92. Bc4 {[#] Strongly threatening Re6+.} Kf5 93. Bf7 Bd2 94. Ka2 Ke5 95. b3 Bb4 96. Kb1 Kd4 97. Bc4 Re7 98. Kc2 Re3 99. Rb7 Re7 100. Rb5 Ke4 101. Rd5 Kf4 102. Kd3 Re5 103. Rd7 Re7 104. Rd5 Re5 105. Rd4+ Kg5 106. Bf7 Kf6 107. Rf4+ Kg5 108. Rf3 Rf5 109. Re3 Rc5 110. Kd4 Rc7 {And now ...Bc5+ would win.} 111. Re5+ Kf6 {Threatens to win with ...Bc3+.} 112. Re6+ Kf5 113. Ra6 Rd7+ 114. Kc4 Rc7+ (114... Rb7 {NOTEXT} 115. Ra8 Kg5 116. Rg8 Kf6 117. Re8 Kg5) 115. Kb5 Rc5+ 116. Kb6 Re5 117. Ra8 Kf6 118. Rc8 Kg5 119. Rc6 Rf5 120. Rc2 Kf6 121. Rc7 Re5 122. Rc6+ Ke7 123. Bc4 Rg5 124. Rc7+ Kf6 125. Bd3 Rd5 126. Rf7+ Kg5 127. Be4 (127. Bc2 {NOTEXT} Kh6 128. Be4 Rd6+ 129. Kb5 Rd4 130. Bc2) 127... Re5 128. Bb1 Kh6 129. Rf3 Re6+ 130. Kb5 Re5+ 131. Kc4 Rc5+ 132. Kd4 Rg5 133. Bf5 Rh5 134. Ke4 Rh4+ 135. Ke5 Rh1 136. Be4 Rh5+ 137. Ke6 Bd2 138. Rd3 Bb4 {The position is equal.} 139. Kf7 Rh4 {Hoping for ...Rf4+.} 140. Bf5 Rf4 141. Ke6 Rh4 142. Rd5 Rf4 143. Rd3 Rh4 144. Rf3 Rh1 145. Kf7 Rh5 146. Be4 Rh4 147. Bf5 Rh5 148. Rf1 Rh4 149. Rd1 Rf4 150. Ke6 (150. Kg8 {NOTEXT}) 150... Rh4 151. Rd8 Kg5 152. Rd5 Kh6 153. Bd3 Rf4 154. Bf5 Rf1 155. Be4 Rf6+ 156. Kd7 Rf4 157. Bd3 {Precision: White = 50%, Black = 67%.} 1/2-1/2

[Event "3rd GRENKE Chess Open 2018"]
[Site "Karlsruhe"]
[Date "2018.04.02"]
[Round "8"]
[White "Keymer, Vincent"]
[Black "Papp, Gabor"]
[Result "1-0"]
[WhiteElo "2403"]
[BlackElo "2604"]
[Annotator "TA"]
[PlyCount "97"]
[EventDate "2018.??.??"]
[EventType "swiss"]
[EventCountry "GER"]
[SourceTitle "playchess.com"]
[Source "ChessBase"]
[SourceQuality "1"]

{[%evp 12,97,22,0,12,12,0,0,0,0,0,0,0,0,16,12,17,4,12,16,17,14,8,12,62,25,25,20,56,58,96,87,164,160,136,160,201,210,210,212,368,357,361,344,345,354,352,325,328,340,337,331,382,382,382,382,375,382,391,398,398,398,394,392,634,484,484,492,484,484,498,493,487,483,483,481,577,570,639,629,633,623,618,610,650,641,623,578]} 1. d4 d6 2. Nf3 Nf6 3. c4 g6 4. g3 Bg7 5. Bg2 O-O 6. Nc3 Nbd7 7. Bf4 {LiveBook: 5 Games. E67: King's Indian: Fianchetto: 6...Nbd7} (7. O-O e5 8. b3 Re8 9. e4 exd4 10. Nxd4 Nc5 11. f3 a5 12. Be3 Nfd7 13. Qc2 f5 14. Rad1 fxe4 15. fxe4 c6 16. h3 Qe7 17. Kh2 Ne5 18. Qd2 Ne6 19. Nde2 a4 {½-½ (36) Mamedyarov,S (2799)-Demchenko,A (2660) Riadh 2017}) 7... e5 $146 ({Predecessor:} 7... c6 8. O-O Qa5 9. Bd2 Qc7 10. Rc1 Re8 11. Qc2 e5 12. d5 Nb6 13. dxc6 bxc6 14. c5 dxc5 15. Ng5 c4 16. Na4 {½-½ (37) Keymer,V (2419)-Gallagher,J (2433) Balatonszarszo 2017}) 8. dxe5 dxe5 9. Nxe5 {The position is equal.} Nh5 $1 10. Nd3 Nxf4 11. Nxf4 c6 12. O-O Qb6 13. Nd3 Ne5 {[%cal Bd7e5,Be5c4,Bc4a3,Ba3b5,Bb5c3][%mdl 32]} 14. c5 Qa5 15. b4 Qa3 {Threatens to win with ...Nxd3.} 16. Qc1 $36 {[%mdl 2048] White has good play.} Nc4 17. Ne4 Be6 18. Qxa3 Nxa3 19. Rac1 Nb5 20. Nd6 Nc3 21. Rc2 Rab8 (21... Rfb8 $16) 22. Nf4 $18 Bd7 23. Rfc1 Na4 24. Rd1 a6 25. Rd3 Rfd8 $2 {[#]} (25... Nb2) 26. Nxb7 $1 {[%mdl 512]} Rxb7 {[#]} 27. Bxc6 $1 {[%mdl 512]} Bxc6 28. Rxd8+ Bf8 29. Rc8 Bd7 30. Ra8 {aiming for c6.} Rxb4 31. c6 Rb1+ 32. Kg2 Bf5 {[#]} 33. Nd3 $1 Nb6 34. Rb8 Rb5 {[#]} 35. a4 $1 {[%mdl 512]} Nxa4 36. c7 Nb6 37. Rc5 Rb3 $2 {[#]} (37... Rxc5 38. Nxc5 Kg7) 38. Rxf5 $1 {[%mdl 512] White is clearly winning.} gxf5 39. c8=Q Nxc8 40. Rxb3 {[%mdl 4096] Endgame KRN-KBN} Kg7 41. Rb8 Nd6 42. Ra8 Nb5 43. Rxa6 Nd4 44. Nf4 h6 45. e3 Nb5 46. Nh5+ Kh7 47. Nf6+ Kg7 48. Ne8+ Kg8 49. Ra5 {Precision: White = 86%, Black = 38%.} 1-0

[Event "3rd GRENKE Chess Open 2018"]
[Site "Karlsruhe"]
[Date "2018.04.02"]
[Round "8"]
[White "Malek, Daniel"]
[Black "Buhmann, Rainer"]
[Result "0-1"]
[WhiteElo "2403"]
[BlackElo "2588"]
[Annotator "TA"]
[PlyCount "70"]
[EventDate "2018.??.??"]
[EventType "swiss"]
[EventCountry "GER"]
[SourceTitle "playchess.com"]
[Source "ChessBase"]
[SourceQuality "1"]

{[%evp 16,70,0,0,15,6,30,16,82,95,102,95,91,94,94,84,86,82,88,91,117,107,100,89,87,102,117,24,116,-14,116,89,96,-70,-83,-127,-83,-328,-323,-316,-318,-297,403,388,412,395,825,826,1003,937,1068,-29996,-29997,-29997,-29998,-29998,-29999]} 1. d4 e6 2. c4 Nf6 3. Nc3 Bb4 4. e3 d5 5. Qa4+ Nc6 6. Nf3 O-O 7. Qc2 {D38: Queen's Gambit Declined: Ragozin Defence (4 Nf3 Bb4)} b6 8. a3 {[%cal Ba2a3,Ba3a4][%mdl 32]} Bxc3+ 9. Qxc3 {LiveBook: 5 Games. The position is equal.} Bb7 $146 ({Predecessor:} 9... Ne4 10. Qc2 Ba6 11. b4 Ne7 12. Bd3 Ng6 13. h4 h6 14. Bb2 Ne7 {1-0 (35) Mamedyarov,S (2747)-Fressinet,L (2700) Huaian 2016}) 10. b4 {[%cal Bb2b4,Bb4b5][%mdl 32]} a5 11. b5 Ne7 (11... Nb8 $11) 12. c5 $1 $16 c6 13. a4 $1 Ne4 14. Qc2 Ng6 15. Bd3 e5 16. O-O (16. Nxe5 Nxe5 17. dxe5 bxc5 $14) 16... bxc5 17. dxc5 f5 18. Ba3 Rc8 19. Rab1 Rf7 20. b6 Ra8 21. Rfc1 ({White should try} 21. Bb2 $16) 21... Kh8 (21... Ng5 $11) 22. Qe2 ({Better is} 22. Bb2 $16) 22... Qf6 (22... Ng5 $1 $11 {remains equal.}) 23. g3 $36 {[%mdl 2048] White is on the roll.} Re8 24. Ba6 $2 (24. Bb2 $16) 24... Bxa6 $15 25. Qxa6 f4 26. exf4 $2 {[#]} (26. Rf1 $17) 26... Nxf4 $1 $19 {[%mdl 512] ( -> ...Nh3+)} 27. Rb3 (27. gxf4 Qxf4) 27... Nh3+ 28. Kg2 Nd2 $4 {[%mdl 8192]} ({Don't do} 28... Nexf2 29. Bb2 $17) (28... Nhxf2 $19 {Threatens to win with ...d4.} 29. b7 Rff8) 29. Nxd2 $18 Qxf2+ 30. Kxh3 Rf6 $2 {[#]} (30... Qxd2 31. Rf1 Qh6+ 32. Kg2 Qd2+ 33. Kh1 Rf2 34. Rxf2 Qxf2) 31. Nf3 $1 Rh6+ {[#]} 32. Nh4 $1 g5 33. Rf1 $4 {[%mdl 8192] [#]} (33. Qf1 $18 Qxf1+ 34. Rxf1 gxh4 35. gxh4) 33... g4+ $1 {[%mdl 512] Black mates.} 34. Kxg4 Rg8+ 35. Kh3 {[#]} Rxh4+ $1 {[%mdl 512] Precision: White = 42%, Black = 32%.} 0-1

[Event "3rd GRENKE Chess Open 2018"]
[Site "Karlsruhe"]
[Date "2018.04.02"]
[Round "8"]
[White "Horton, Andrew P"]
[Black "David, Alberto"]
[Result "0-1"]
[WhiteElo "2393"]
[BlackElo "2566"]
[Annotator "TA"]
[PlyCount "84"]
[EventDate "2018.??.??"]
[EventType "swiss"]
[EventCountry "GER"]
[SourceTitle "playchess.com"]
[Source "ChessBase"]
[SourceQuality "1"]

{[%evp 9,84,14,8,13,33,27,56,58,63,52,52,52,62,56,98,94,86,96,83,46,62,56,70,72,61,-37,32,-35,0,0,0,0,0,0,0,0,0,0,0,0,0,-50,-54,-65,-25,-87,-77,-62,-19,-173,-140,-157,-166,-265,-246,-310,-191,-200,-199,-886,-883,-820,-711,-1281,-1234,-5589,-1074,-29971,-29972,-29972,-29973,-29973,-29974,-29970,-29970,-6307,-5820]} 1. Nf3 Nc6 2. d4 {[%cal Bd2d4,Bd4d5][%mdl 32]} d5 3. Bf4 f6 (3... Bg4 4. e3 e6 5. h3 Bh5 6. g4 Bg6 7. Bb5 Nge7 8. Ne5 a6 9. Nxg6 Nxg6 10. Bxc6+ bxc6 11. Bg3 Rb8 12. b3 Bd6 13. Nc3 Bxg3 14. fxg3 {½-½ (28) Kunin,V (2584)-Rapport,R (2720) Karlsruhe 2016}) 4. c4 dxc4 5. d5 $146 ({Predecessor:} 5. Nc3 Bg4 6. d5 e5 7. Be3 Na5 8. Qa4+ c6 9. dxc6 Nxc6 10. Qxc4 Qc8 11. Rc1 {1-0 (45) Shtyrenkov,V (2378)-Zemlyansky,D (2254) Volgograd 2010}) 5... e5 6. Bc1 $1 {D02: 1 d4 d5 2 Nf3 sidelines, including 2...Nf6 3 g3 and 2...Nf6 3 Bf4} Nce7 7. e4 Ng6 8. Bxc4 {White is slightly better.} a6 9. Nc3 Bd6 10. h4 {[%cal Bh2h4,Bh4h5][%mdl 32]} b5 11. Bd3 N8e7 12. h5 Nf4 13. Bxf4 exf4 14. Qc2 Bg4 15. e5 fxe5 16. Bxh7 Qd7 17. Bg6+ (17. Ng5 $14) 17... Kf8 (17... Nxg6 $15 18. Qxg6+ Kf8) 18. Bd3 (18. O-O-O $14) 18... Nf5 19. O-O-O Nd4 20. Nxd4 Bxd1 21. Ne6+ {[#]} Qxe6 $1 {[%mdl 512]} 22. Qxd1 (22. dxe6 Bxc2) 22... Qd7 23. g4 fxg3 24. fxg3 Kg8 25. Be2 Rh6 26. Bg4 Qe7 27. Be6+ (27. Ne4 $1 $11 {keeps the balance.}) 27... Kh8 28. Ne4 Rf8 {With the idea ...c6!} 29. Qg4 $2 (29. Kb1 $11 {and White has nothing to worry.}) 29... Bc5 {Threatens to win with ...c6!} 30. Qe2 {[#]} Bd4 $1 31. g4 (31. Kb1 $142) 31... Rf4 32. Kb1 Qb4 33. Bf5 {[#]} Bxb2 $1 {[%mdl 512]} 34. a3 $2 (34. Qxb2 Rxe4 35. Rc1) 34... Bxa3+ $19 35. Ka2 Qa4 36. Nc3 Qa5 37. Kb3 Bd6 38. Ne4 Qa3+ 39. Kc2 Qa2+ 40. Kd3 Qc4+ 41. Kd2 Bb4+ 42. Kd1 Qxd5+ {Precision: White = 26%, Black = 62%.} 0-1